000
00270nam a2200097Ia 4500
001
1299392
005
20260417170343.0
008
260417s9999 xx 000 0 und d
245
0
_a
LEVENT KAÇAKLARIN KORKULU RÜYASI
_c
MUSTAFA ORAKÇI
260
_b
TİMAŞ ÇOCUK YAYINLARI
999
_c
1299392
_d
1299392